Harry Potter: l'Hydromel - Statistiques

Statistiques générales
  • Ce quiz a été pris 15 fois
  • Le résultat moyen est 4 sur 7
Statistiques - réponses
Information Réponses % Correct
Première apparition Harry Potter et le Prisonnier d'Azkaban
82%
Dernière apparition Harry Potter et les Reliques de la Mort
82%
Utilisation Boisson
73%
Utilisation Ingrédients de potions
55%
Vendeur connu Les Trois Balais
36%
Vendeur connu La Tête de Sanglier
27%
Préparatrice connue Madame Rosemerta
27%
Aucun quiz correspondant
Distribution des résultats
% des personnes avec chaque résultat
Percentile par nombre de réponses
Votre historique - résultats
Vous n’avez pas pris ce quiz